| 000 -LEADER |
| fixed length control field |
00498cam a22002053 4500 |
| 001 - CONTROL NUMBER |
| control field |
12749484 |
| 005 - DATE AND TIME OF LATEST TRANSACTION |
| control field |
20180215044742.0 |
| 008 - FIXED-LENGTH DATA ELEMENTS--GENERAL INFORMATION |
| fixed length control field |
020422s1943 mdua 000 0 eng |
| 010 ## - LIBRARY OF CONGRESS CONTROL NUMBER |
| LC control number |
43010847 |
| 040 ## - CATALOGING SOURCE |
| Original cataloging agency |
DLC |
| Transcribing agency |
DLC |
| 041 ## - LANGUAGE CODE |
| Language code of text/sound track or separate title |
eng |
| 080 ## - UNIVERSAL DECIMAL CLASSIFICATION NUMBER |
| Universal Decimal Classification number |
611 GRA |
| 082 ## - DEWEY DECIMAL CLASSIFICATION NUMBER |
| Classification number |
611 GRA |
| 100 1# - Rafti |
| Rafti |
6 |
| 101 ## - Shkurtesa |
| Shkurtesa |
ANA |
| 245 13 - TITLE STATEMENT |
| Title |
An atlas of anatomy |
| Statement of responsibility, etc |
by J.C. Boileau Grant. |
| 906 ## - LOCAL DATA ELEMENT F, LDF (RLIN) |
| a |
0 |
| b |
cbc |
| c |
premver |
| d |
u |
| e |
ncip |
| f |
19 |
| g |
y-gencatlg |
| 942 ## - ADDED ENTRY ELEMENTS (KOHA) |
| Source of classification or shelving scheme |
|
| Item type |
Books |